Globaln Tourism. (Record no. 6788)

MARC details
000 -LEADER
fixed length control field 00504nam a22001937a 4500
003 - CONTROL NUMBER IDENTIFIER
control field OSt
005 - DATE AND TIME OF LATEST TRANSACTION
control field 20210223145150.0
008 - FIXED-LENGTH DATA ELEMENTS--GENERAL INFORMATION
fixed length control field 210223b ||||| |||| 00| 0 eng d
020 ## - INTERNATIONAL STANDARD BOOK NUMBER
International Standard Book Number 0750623535
040 ## - CATALOGING SOURCE
Transcribing agency DDC.
082 ## - DEWEY DECIMAL CLASSIFICATION NUMBER
Classification number 338.4GLO1994.
100 ## - MAIN ENTRY--PERSONAL NAME
Personal name Edited by Theobald,William;
9 (RLIN) 13907
245 ## - TITLE STATEMENT
Title Globaln Tourism.
Remainder of title The next decade.
260 ## - PUBLICATION, DISTRIBUTION, ETC. (IMPRINT)
Place of publication, distribution, etc. Oxford,
Name of publisher, distributor, etc. Butterworth-HEINEMANN,
Date of publication, distribution, etc. 1994.
300 ## - PHYSICAL DESCRIPTION
Extent xix,406p;
504 ## - BIBLIOGRAPHY, ETC. NOTE
Bibliography, etc includes index.
650 ## - SUBJECT ADDED ENTRY--TOPICAL TERM
Topical term or geographic name as entry element Tourism.
9 (RLIN) 7816
942 ## - ADDED ENTRY ELEMENTS (KOHA)
Source of classification or shelving scheme Dewey Decimal Classification
Koha item type Open Shelf
Holdings
Withdrawn status Lost status Source of classification or shelving scheme Damaged status Not for loan Home library Current library Date acquired Source of acquisition Inventory number Total Checkouts Full call number Barcode Date last seen Price effective from Koha item type
    Dewey Decimal Classification     MUST Main Library MUST Main Library 23/02/2021 Donation 338.4GLO 1994   338.4GLO1994. 2021-0221 23/02/2021 23/02/2021 Open Shelf
    Dewey Decimal Classification     MUST Main Library MUST Main Library 28/06/2024 Donation 2001/15424   338.4GLO1994. 2024-21625 28/06/2024 28/06/2024 Open Shelf
    Dewey Decimal Classification     MUST Main Library MUST Main Library 17/07/2024 Donation 2000/13579   338.4GLO1994. 2024-22020 17/07/2024 17/07/2024 Open Shelf